| 000 -LEADER |
| fixed length control field |
01012nam a2200205Ia 4500 |
| 001 - CONTROL NUMBER |
| control field |
10641 |
| 003 - CONTROL NUMBER IDENTIFIER |
| control field |
GE_BSU |
| 008 - FIXED-LENGTH DATA ELEMENTS--GENERAL INFORMATION |
| fixed length control field |
181216s||||||||xx |||||||||||||| ||und|| |
| 040 ## - CATALOGING SOURCE |
| Transcribing agency |
GE_BSU |
| 100 ## - MAIN ENTRY--PERSONAL NAME |
| Personal name |
გობეჯიშვილი,რამინ. ტიელიძე,ლევან.ჯავახიშვილი,ალექსანდრე; |
| 245 ## - TITLE STATEMENT |
| Title |
საქართველოს ფიზიკური რუკა. |
| 245 ## - TITLE STATEMENT |
| Remainder of title |
1:600 000 |
| 245 ## - TITLE STATEMENT |
| Statement of responsibility, etc. |
ფოტ.ავტ.რამინ გობეჯიშვილი,ლევან ტიელიძე.რედ:ვლადიმერ ბუაჩიძე; |
| 260 ## - PUBLICATION, DISTRIBUTION, ETC. |
| Place of publication, distribution, etc. |
თბილისი |
| 260 ## - PUBLICATION, DISTRIBUTION, ETC. |
| Date of publication, distribution, etc. |
2012. |
| 520 ## - SUMMARY, ETC. |
| Summary, etc. |
რუკა შედგენილია თსუ–ის ვახუშტი ბაგრატიონის გეოგრაფიის ინ–ტში. |
| 653 ## - INDEX TERM--UNCONTROLLED |
| Uncontrolled term |
საქართველოს ფიზიკური რუკა. |
| 942 ## - ADDED ENTRY ELEMENTS (KOHA) |
| Koha item type |
რუკები |